[Event "GER-chT U14 Girls"]
[Site "Regensburg"]
[Date "2014.12.28"]
[Round "4.4"]
[White "Shvartsman, Julia"]
[Black "Holschuh, Nadia"]
[Result "0-1"]
[WhiteElo "1035"]
[BlackElo "750"]
[PlyCount "118"]
[EventDate "2014.12.27"]
[EventType "team-swiss"]
[EventRounds "7"]
[EventCountry "GER"]
[SourceTitle "EXT 2016"]
[Source "ChessBase"]
[SourceDate "2015.10.08"]
[SourceVersion "1"]
[SourceVersionDate "2015.10.08"]
[SourceQuality "1"]
[WhiteTeam "Graefelfing"]
[BlackTeam "Riegelsberg"]
[WhiteTeamCountry "GER"]
[BlackTeamCountry "GER"]

1. e4 e5 2. Nf3 Nc6 3. Bc4 Nf6 4. d3 Bc5 5. Bg5 d6 6. Nc3 Bg4 7. Qd2 Qd7 8. 0-0-0 0-0-0 9. h3 h6 10. hxg4 hxg5 11. Qxg5 Nxg4 12. Rxh8 Rxh8 13. Qxg7 Rh5 14. Bxf7 Nxf2 15. Re1 Nd8 16. Qg8 Qxf7 17. Qxf7 Nxf7 18. Nd5 Ng5 19. Nf6 Rh6 20. Ng8 Nxf3 21. gxf3 Rh3 22. Ne7+ Kd8 23. Nd5 Rxf3 24. Kb1 c6 25. Nc3 Bb4 26. Rg1 Nh3 27. Rg8+ Ke7 28. a3 Bxc3 29. bxc3 Nf4 30. Rg7+ Kf8 31. Rxb7 Ne2 32. Kb2 Rf7 33. Rb8+ Kg7 34. Rd8 Rb7+ 35. Ka1 Nxc3 36. Rd7+ Rxd7 37. Kb2 Ne2 38. c3 Nf4 39. d4 Nd3+ 40. Kc2 Ne1+ 41. Kd1 Nf3 42. d5 cxd5 43. exd5 Rb7 44. Kc2 Rb5 45. c4 Nd4+ 46. Kc3 Rb3+ 47. Kd2 Rxa3 48. c5 dxc5 49. d6 Kf7 50. d7 Nc6 51. Kc2 e4 52. Kb2 Rh3 53. Kc2 e3 54. Kd1 Ke7 55. d8Q+ Kxd8 56. Ke2 Nd4+ 57. Ke1 e2 58. Kf2 Rh2+ 59. Kg1 Nf3# 0-1